Statistics for 1M+ cities of the world by letter - M

Click here to take the quiz!

General Stats

  • This quiz has been taken 2,025 times
    (554 since last reset)
  • The average score is 33 of 57

Answer Stats

CountryPopulationCity% Correct
Spain6.65 milMadrid
100%
Mexico25.10 milMexico City
100%
Russia19.10 milMoscow
100%
Philippines27.20 milManila
99%
India27.10 milMumbai
97%
Australia5.00 milMelbourne
96%
United States1.32 milMelbourne
96%
Italy6.10 milMilan
96%
Canada4.42 milMontreal
94%
United Kingdom3.15 milManchester
93%
Germany2.30 milMunich
92%
Belarus2.10 milMinsk
91%
United States6.30 milMiami
89%
Uruguay1.89 milMontevideo
86%
Colombia4.27 milMedellín
85%
France1.70 milMarseille
84%
Saudi Arabia2.60 milMecca
83%
Somalia2.17 milMogadishu
83%
Nicaragua1.37 milManagua
81%
Oman1.54 milMuscat
80%
Mozambique2.52 milMaputo
79%
Liberia1.87 milMonrovia
79%
Mexico6.00 milMonterrey
77%
United States3.22 milMinneapolis
76%
Bahrain1.55 milManama
74%
Saudi Arabia1.50 milMedina
72%
Kenya1.34 milMombasa
69%
Brazil2.15 milManaus
67%
Morocco1.17 milMarrakesh
67%
United States1.14 milMemphis
63%
Spain1.09 milMálaga
58%
Venezuela2.80 milMaracaibo
57%
Germany1.59 milMannheim
54%
United States1.50 milMilwaukee
52%
Indonesia4.20 milMedan
51%
Iran3.42 milMashhad
49%
Myanmar1.74 milMandalay
47%
Iraq1.52 milMosul
47%
Argentina1.17 milMendoza
37%
Mexico1.35 milMérida
34%
D.R. of Congo2.42 milMbuji-Mayi
30%
Indonesia1.79 milMakassar
26%
Pakistan2.30 milMultan
25%
Venezuela1.47 milMaracay
22%
Turkey1.05 milMersin
18%
Brazil1.11 milMaceió
16%
Nigeria1.16 milMaiduguri
15%
Tanzania1.06 milMwanza
14%
India1.93milMadurai
12%
Indonesia1.75 milMalang
12%
United States1.25 milMcAllen
11%
India
1.89 mil
Meerut
10%
India1.34 milMysore
10%
Mexico1.04 milMorelia
9%
China1.41 milMaoming
8%
India1.43 milMorādābād
6%
China1.74 milMianyang
4%

Score Distribution

Percentile by Number Answered

Percent of People with Each Score

Your Score History

You have not taken this quiz since the last reset